تحميل...

Size, growth and profitability of firms /

التفاصيل البيبلوغرافية
المؤلف الرئيسي: Kaur, Kuldip
التنسيق: Printed Book
اللغة:English
منشور في: New Delhi: Gyan publications, 1997.
LEADER 00481 a2200121 4500
008 100208b ||||| |||| 00| 0 eng d
082 |a 338.4 
100 |a Kaur, Kuldip. 
245 |a Size, growth and profitability of firms / 
260 |b Gyan publications,  |a New Delhi:  |c 1997. 
942 |c BK 
999 |c 316688  |d 316688 
952 |0 0  |1 0  |2 ddc  |4 0  |6 338_400000000000000_KAU_SI  |7 0  |9 362794  |a ECN  |b ECN  |c GEN  |d 2010-09-07  |e Prabhu Book House, Cochin  |g 0.00  |i 7198  |l 0  |o 338.4 KAU/SI  |p ECN7198  |r 2010-09-07  |w 2010-09-07  |y BK